| 000 | 00773nam a2200217Ia 4500 | ||
|---|---|---|---|
| 003 | GCL | ||
| 008 | 140319s9999 xx 000 0 ara d | ||
| 040 |
_aGCL / _cGCL |
||
| 082 | 0 | 4 |
_a398.2 _bش س |
| 100 | 1 | _aشوقى عبدالحكيم | |
| 245 | 1 | 0 |
_aسيرة الملوك التباعنة فى ثلاثين فصلا / _cشوقى عبدالحكيم |
| 260 |
_aالقاهرة : _bالدار المصرية اللبنانية ، _c1997 |
||
| 300 | _a280 ص | ||
| 490 |
_aالهيئة العامة للاستعلامات _v0 |
||
| 650 | 0 | 4 | _aالحضارة اليمنية القديمة |
| 650 | 0 | 4 | _aحمير |
| 650 | 0 | 4 | _aسبأ |
| 650 | 0 | 4 | _aاليمن القديم - تاريخ |
| 650 | 0 | 4 | _aشبه الجزيرة العربية - تاريخ |
| 942 |
_2ddc _cBK |
||
| 999 |
_c52167 _d52167 |
||